आधुनिक महाराष्ट्राची जडणघडण शिल्पकार चरित्रकोश खंड ३: विज्ञान व तंत्रज्ञान आणि शिक्षण (Record no. 370785)

MARC details
000 -LEADER
fixed length control field 00454 a2200097 4500
005 - DATE AND TIME OF LATEST TRANSACTION
control field 20260327131659.0
100 ## - MAIN ENTRY--PERSONAL NAME
Personal name Phondke B.
9 (RLIN) 217324
245 ## - TITLE STATEMENT
Title आधुनिक महाराष्ट्राची जडणघडण शिल्पकार चरित्रकोश खंड ३: विज्ञान व तंत्रज्ञान आणि शिक्षण
260 ## - PUBLICATION, DISTRIBUTION, ETC. (IMPRINT)
Name of publisher, distributor, etc. Saptahik Vivek Hindusthan Prakashan Samstha
Date of publication, distribution, etc. 2010
942 ## - ADDED ENTRY ELEMENTS (KOHA)
Koha item type Article
Holdings
Withdrawn status Lost status Source of classification or shelving scheme Damaged status Not for loan Home library Current library Date acquired Vendor Cost, normal purchase price Total Checkouts Full call number Barcode Date last seen Cost, replacement price Bill Date Koha item type
    Dewey Decimal Classification     Cummins College of Engineering for Women Pune Cummins College of Engineering for Women Pune 28/02/2026 223 375.00   730.92 PHO CCEP-BK-70464 28/02/2026 375.00 28/02/2026 Books